| 000 | 005700000a22001810004500 | ||
|---|---|---|---|
| 003 | MACL | ||
| 005 | 20160210163929.0 | ||
| 008 | 160210b xxu||||| |||| 00| 0 eng d | ||
| 040 |
_aMACL _cMACL |
||
| 041 | _aHindi | ||
| 082 | _a100 | ||
| 100 |
_aराजगोपालाचार्य चक्रवर्ता _937748 |
||
| 245 | _aआत्म चिंतन | ||
| 260 |
_bसस्ता साहित्य पण्डल _c1975 _aनई दिल्ली |
||
| 350 | _a4.50 | ||
| 650 |
_aPhilosophy _937749 |
||
| 942 |
_cHIN _k100 _2ddc |
||
| 999 |
_c26754 _d26754 |
||